000 00365nam a2200133Ia 4500
005 20260328101442.0
008 260328s9999||||xx |||||||||||||| ||und||
100 _aDoczi, Gyorgy
245 4 _aThe Power of Limits :
_b Proportional Harmonies in Nature, Art & Architecture /
_cGyorgy Doczi
260 _bShambhala
300 _a150 p.
650 _aARTE
942 _cBK
999 _c8301
_d8301